Spirit, time and eternity : (Record no. 143030)

MARC details
000 -LEADER
fixed length control field 00607nam a22001817a 4500
005 - DATE AND TIME OF LATEST TRANSACTION
control field 20170801163838.0
010 ## - LCCN (DPL NO)
LC control number ENG-119501
020 ## - INTERNATIONAL STANDARD BOOK NUMBER
Terms of availability 400.00
International Standard Book Number 9788184655001
035 ## - SYSTEM CONTROL NUMBER
System control number EN-103033
037 ## - SOURCE OF ACQUISITION
Source of stock number/acquisition DBAD/PUB
082 ## - DEWEY DECIMAL CLASSIFICATION NUMBER
Classification number 880.9
100 ## - MAIN ENTRY--PERSONAL NAME
Personal name Chrisina Manohar
245 ## - TITLE STATEMENT
Title Spirit, time and eternity :
Statement of responsibility, etc by Chrisina Manohar
Remainder of title East-West reflections /
260 ## - PUBLICATION, DISTRIBUTION, ETC. (IMPRINT)
Place of publication, distribution, etc Delhi
Name of publisher, distributor, etc The Indian Society for Promoting Christian Knowlewdge(ISPCK))
Date of publication, distribution, etc 2015
270 ## - ADDRESS
Address 1585,1654 Madarsa Road Kashmere Gate
City Delhi
Postal code 110006
300 ## - PHYSICAL DESCRIPTION
Extent xiv,320p.
Dimensions 24cm(pbk)
Other physical details ill
942 ## - ADDED ENTRY ELEMENTS (KOHA)
Source of classification or shelving scheme Dewey Decimal Classification
Item type English Books
Call number suffix CHR
Classification part 880.9
Holdings
Withdrawn status Lost status Not for loan Collection code Home library Current library Date acquired Source of acquisition Cost, normal purchase price Full call number Barcode Copy number Cost, replacement price Koha item type
      Non-fiction Shahdara Branch Shahdara Branch 01/08/2017 DBAD/PUB 400.00 880.9 CHR EN-103033 1 400.00 English Books

© Delhi Public Library
Hit Counter
free hit counter